<?xml version="1.0" encoding="UTF-8"?>
<record
    xmlns:xsi="http://www.w3.org/2001/XMLSchema-instance"
    xsi:schemaLocation="http://www.loc.gov/MARC21/slim http://www.loc.gov/standards/marcxml/schema/MARC21slim.xsd"
    xmlns="http://www.loc.gov/MARC21/slim">

  <leader>01388nam a22001697a 4500</leader>
  <controlfield tag="003">IT-RoPau</controlfield>
  <controlfield tag="005">20220918181222.0</controlfield>
  <controlfield tag="008">140929b        xxu||||| |||| 00| 0 eng d</controlfield>
  <datafield tag="040" ind1=" " ind2=" ">
    <subfield code="c">IT-RoPau</subfield>
  </datafield>
  <datafield tag="100" ind1=" " ind2=" ">
    <subfield code="a">Istituto Regina Apostolorum (Apostoline)</subfield>
    <subfield code="9">33976</subfield>
  </datafield>
  <datafield tag="245" ind1=" " ind2=" ">
    <subfield code="a">Se vuoi... - 1968</subfield>
    <subfield code="b">Vieni e seguimi</subfield>
  </datafield>
  <datafield tag="260" ind1=" " ind2=" ">
    <subfield code="a">Castelgandolfo (Roma)</subfield>
    <subfield code="b">Istituto Regina Apostolorum (Apostoline)</subfield>
    <subfield code="c">1968</subfield>
  </datafield>
  <datafield tag="300" ind1=" " ind2=" ">
    <subfield code="c">18,5 cm</subfield>
  </datafield>
  <datafield tag="490" ind1=" " ind2=" ">
    <subfield code="a">Se vuoi...</subfield>
    <subfield code="v">Anno IX - 1968</subfield>
  </datafield>
  <datafield tag="520" ind1=" " ind2=" ">
    <subfield code="a">Indice
Anno IX &#x2013; n. 1
G. Alberione &#x2013; R. D. &#x2013; R. F. Esposito &#x2013; L. Schiatti &#x2013; N. Adelfi &#x2013; F. Peyron &#x2013; G. Clementel &#x2013; B. Cadorin &#x2013; F. M. M.
Anno IX &#x2013; n. 2
G. Alberione &#x2013; G. V. &#x2013; Rosario F. Esposito &#x2013; L. Schiatti &#x2013; A. D. &#x2013; G. Rossi &#x2013; G. Clementel &#x2013; B. Cadorin &#x2013; Reinhold Friedrichs
Anno IX &#x2013; n. 3
G. Alberione &#x2013; G. V. &#x2013; R. F. Esposito &#x2013; L. Schiatti &#x2013; G. Clementel &#x2013; T. B. &#x2013; J. C. Barreau - *** - S. Gianani
Anno IX &#x2013; n. 4 
G. Alberione &#x2013; G. V. &#x2013; R. F. Esposito - *** - A. Paoli &#x2013; B. T. &#x2013; G. Clementel &#x2013; R. B. &#x2013; H. D. Rops
Anno IX &#x2013; n. 5
G. V. &#x2013; Rosario F. Esposito &#x2013; L. Schiatti &#x2013; A. Paoli &#x2013; Sante Loffranchini &#x2013; G. Clementel &#x2013; B. Cadorin &#x2013; John Touey &#x2013; H. C. Andersen
Anno IX &#x2013; n. 6
G. Alberione &#x2013; G. V. &#x2013; R. F. Esposito &#x2013; A. M. Vinci &#x2013; R. Grieco &#x2013; G. Clementel &#x2013; A. Paoli &#x2013; B. Cadorin &#x2013; G. Corti
</subfield>
  </datafield>
  <datafield tag="942" ind1=" " ind2=" ">
    <subfield code="2">ddc</subfield>
    <subfield code="c">BK</subfield>
  </datafield>
  <datafield tag="999" ind1=" " ind2=" ">
    <subfield code="c">104507</subfield>
    <subfield code="d">104507</subfield>
  </datafield>
  <datafield tag="952" ind1=" " ind2=" ">
    <subfield code="0">0</subfield>
    <subfield code="1">0</subfield>
    <subfield code="2">ddc</subfield>
    <subfield code="4">0</subfield>
    <subfield code="6">P_E2</subfield>
    <subfield code="7">1</subfield>
    <subfield code="a">PAULUS</subfield>
    <subfield code="b">PAULUS</subfield>
    <subfield code="d">2014-09-29</subfield>
    <subfield code="l">0</subfield>
    <subfield code="o">P E2</subfield>
    <subfield code="r">2014-09-29 00:00:00</subfield>
    <subfield code="w">2014-09-29</subfield>
    <subfield code="y">BK</subfield>
  </datafield>
  <datafield tag="952" ind1=" " ind2=" ">
    <subfield code="0">0</subfield>
    <subfield code="1">0</subfield>
    <subfield code="2">ddc</subfield>
    <subfield code="4">0</subfield>
    <subfield code="6">P_E2</subfield>
    <subfield code="7">1</subfield>
    <subfield code="a">PAULUS</subfield>
    <subfield code="b">PAULUS</subfield>
    <subfield code="d">2014-09-29</subfield>
    <subfield code="l">0</subfield>
    <subfield code="o">P E2</subfield>
    <subfield code="r">2014-09-29 00:00:00</subfield>
    <subfield code="w">2014-09-29</subfield>
    <subfield code="y">BK</subfield>
  </datafield>
</record>
